000 00347nam a2200145Ia 4500
008 151213s9999 xx 000 0 und d
100 _aB P A T C
245 _aPoverty Alleviation Programs
_cB P A T C
260 _aDhaka
_bB P A T C
_c1995
300 _a7323 p.
650 _aReference
650 _aReport
700 _aB P A T C
999 _c3893
_d3893